Detalles MARC
| 000 -CABECERA |
| Longitud fija campo de control |
01634nam a2200421.c 4500 |
| 001 - NÚMERO DE CONTROL |
| Número de control |
51299 |
| 003 - IDENTIFICADOR DE NÚMERO DE CONTROL |
| Identificador del número de control |
ES-MaCES |
| 005 - FECHA Y HORA DE LA ÚLTIMA TRANSACCIÓN |
| Fecha y hora de la última transacción |
20190801120517.0 |
| 008 - CAMPO FIJO DE DESCRIPCIÓN FIJA--INFORMACIÓN GENERAL |
| Códigos de información de longitud fija |
190730s2018 sp ||||| |||||1|||||spa|d |
| 017 ## - NÚMERO DE REGISTRO DE DERECHOS DE AUTOR Y DEPÓSITO LEGAL |
| Número de copyright o de depósito legal |
CU 135-2018 |
| Agencia que asigna el número |
DL |
| 020 ## - ISBN (INTERNATIONAL STANDARD BOOK NUMBER) |
| Número Internacional Normalizado para Libros (ISBN) |
9788416373222 |
| 040 ## - FUENTE DE CATALOGACIÓN |
| Centro catalogador de origen |
ES-MaCES |
| Lengua de catalogación |
spa |
| Centro transcriptor |
ES-MaCES |
| 111 2# - ENCABEZAMIENTO PRINCIPAL--NOMBRE DE REUNIÓN |
| 9 (RLIN) |
39614 |
| Nombre de congreso o jurisdicción como elemento de entrada |
Congreso Iberoamericano y Europeo de Derecho del Trabajo y la Seguridad Social |
| Número del congreso o número de parte o sección de la obra |
5º |
| Fecha del congreso |
2017 |
| Sede del congreso |
Alcalá de Henares, Madrid |
| 245 10 - MENCIÓN DE TÍTULO |
| Título |
Migraciones y su transversalidad |
| Resto del título |
: análisis interdisciplinar |
| Mención de responsabilidad, etc. |
[V Congreso Iberoamericano y Europeo de Derecho del Trabajo y la Seguridad Social sobre Migraciones y su transversalidad, celebrado en Alcalá de Henares los días 8, 9 y 10 de nov. de 2017; Martha Elisa Monsalve Cuéllar (coord.)] |
| 260 ## - PUBLICACIÓN, DISTRIBUCIÓN, ETC (PIE DE IMPRENTA) |
| Lugar de publicación, distribución, etc. |
Cuenca |
| Nombre del editor, distribuidor, etc. |
Alderabán |
| Fecha de publicación, distribución, etc. |
[2018] |
| 300 ## - DESCRIPCIÓN FÍSICA |
| Extensión |
955 p. |
| Dimensiones |
24 cm |
| 504 ## - NOTA DE BIBLIOGRAFÍA, ETC. |
| Nota de bibliografía, etc. |
Bibliografía |
| 541 ## - NOTA DE LA FUENTE INMEDIANTE DE ADQUISICIÓN |
| Forma de adquisición |
Compra |
| 650 #4 - ASIENTO SECUNDARIO DE MATERIA--TÉRMINO DE MATERIA |
| 9 (RLIN) |
28635 |
| Término de materia o nombre geográfico como elemento inicial |
migración |
| 650 #4 - ASIENTO SECUNDARIO DE MATERIA--TÉRMINO DE MATERIA |
| 9 (RLIN) |
28629 |
| Término de materia o nombre geográfico como elemento inicial |
emigración |
| 650 #4 - ASIENTO SECUNDARIO DE MATERIA--TÉRMINO DE MATERIA |
| 9 (RLIN) |
28632 |
| Término de materia o nombre geográfico como elemento inicial |
inmigración |
| 650 #4 - ASIENTO SECUNDARIO DE MATERIA--TÉRMINO DE MATERIA |
| 9 (RLIN) |
28408 |
| Término de materia o nombre geográfico como elemento inicial |
trabajador migrante |
| 650 #4 - ASIENTO SECUNDARIO DE MATERIA--TÉRMINO DE MATERIA |
| 9 (RLIN) |
29183 |
| Término de materia o nombre geográfico como elemento inicial |
política migratoria |
| 650 #4 - ASIENTO SECUNDARIO DE MATERIA--TÉRMINO DE MATERIA |
| 9 (RLIN) |
27172 |
| Término de materia o nombre geográfico como elemento inicial |
situación jurídica |
| 650 #4 - ASIENTO SECUNDARIO DE MATERIA--TÉRMINO DE MATERIA |
| 9 (RLIN) |
29076 |
| Término de materia o nombre geográfico como elemento inicial |
protección social |
| 650 #4 - ASIENTO SECUNDARIO DE MATERIA--TÉRMINO DE MATERIA |
| 9 (RLIN) |
27165 |
| Término de materia o nombre geográfico como elemento inicial |
derecho del trabajo |
| 650 #4 - ASIENTO SECUNDARIO DE MATERIA--TÉRMINO DE MATERIA |
| 9 (RLIN) |
29798 |
| Término de materia o nombre geográfico como elemento inicial |
país de salida |
| 650 #4 - ASIENTO SECUNDARIO DE MATERIA--TÉRMINO DE MATERIA |
| 9 (RLIN) |
29799 |
| Término de materia o nombre geográfico como elemento inicial |
país de acogida |
| 650 #4 - ASIENTO SECUNDARIO DE MATERIA--TÉRMINO DE MATERIA |
| 9 (RLIN) |
26882 |
| Término de materia o nombre geográfico como elemento inicial |
América Latina |
| 650 #4 - ASIENTO SECUNDARIO DE MATERIA--TÉRMINO DE MATERIA |
| 9 (RLIN) |
26964 |
| Término de materia o nombre geográfico como elemento inicial |
España |
| 650 #4 - ASIENTO SECUNDARIO DE MATERIA--TÉRMINO DE MATERIA |
| 9 (RLIN) |
28846 |
| Término de materia o nombre geográfico como elemento inicial |
estudio de casos |
| 650 #4 - ASIENTO SECUNDARIO DE MATERIA--TÉRMINO DE MATERIA |
| 9 (RLIN) |
28841 |
| Término de materia o nombre geográfico como elemento inicial |
investigación interdisciplinaria |
| 650 #4 - ASIENTO SECUNDARIO DE MATERIA--TÉRMINO DE MATERIA |
| 9 (RLIN) |
27013 |
| Término de materia o nombre geográfico como elemento inicial |
conferencia |
| 653 10 - TÉRMINO DE INDEXACIÓN--NO CONTROLADO |
| Término no controlado |
Ciencias Sociales-Políticas |
| 700 1# - ENCABEZAMIENTO SECUNDARIO--NOMBRE PERSONAL |
| 9 (RLIN) |
39613 |
| Nombre de persona |
Monsalve Cuéllar, Martha Elisa |
| Término indicativo de función |
coord. |
| 902 ## - CES. TIPO DE DOCUMENTO |
| Tipodoc (006$c Sirtex) |
LIB Libro |
| 942 ## - ELEMENTOS KOHA |
| Fuente de clasificaión o esquema |
Clasificación propia del CES |
| Koha [por defecto] tipo de item |
Monografías |
| Parte de clasificación |
Ciencias Sociales Politicas Empresariale |